| 000 | 01477nam a2200337Ia 4500 | ||
|---|---|---|---|
| 001 | ebr10255997 | ||
| 003 | CaPaEBR | ||
| 006 | m u | ||
| 007 | cr cn||||||||| | ||
| 008 | 011204s2001 njua sb 100 0 eng d | ||
| 010 | _z 2001280524 | ||
| 020 | _z9789810247348 | ||
| 020 | _z9810247346 | ||
| 040 |
_aCaPaEBR _cCaPaEBR |
||
| 035 | _a(OCoLC)269012139 | ||
| 050 | 1 | 4 |
_aQC793.5.P58 _bW67 2000eb |
| 111 | 2 |
_aWorkshop on "Forward Physics and Luminosity Determination at LHC" _n(1st : _d2000 : _cHelsinki, Finland) |
|
| 245 | 1 | 0 |
_aForward physics and luminosity determination at LHC _h[electronic resource] : _bHelsinki, Finland, 31 October-4 November 2000 / _ceditors, Katri Huitu ... [et al.]. |
| 260 |
_aRiver Edge, NJ : _bWorld Scientific, _cc2001. |
||
| 300 |
_aviii, 226 p. : _bill. |
||
| 504 | _aIncludes bibliographical references. | ||
| 533 |
_aElectronic reproduction. _bPalo Alto, Calif. : _cebrary, _d2009. _nAvailable via World Wide Web. _nAccess may be limited to ebrary affiliated libraries. |
||
| 650 | 0 |
_aPomerons _vCongresses. |
|
| 650 | 0 |
_aQuantum chromodynamics _vCongresses. |
|
| 650 | 0 |
_aPerturbation (Quantum dynamics) _vCongresses. |
|
| 650 | 0 |
_aLarge Hadron Collider (France and Switzerland) _vCongresses. |
|
| 655 | 7 |
_aElectronic books. _2local |
|
| 700 | 1 | _aHuitu, Katri. | |
| 710 | 2 | _aebrary, Inc. | |
| 856 | 4 | 0 |
_uhttp://site.ebrary.com/lib/rucke/Doc?id=10255997 _zAn electronic book accessible through the World Wide Web; click to view |
| 999 |
_c14409 _d14409 |
||